000 04003cam a22012374i 4500
003 PE-LiUPU
005 20250813185426.0
008 190102s2018 pe a r 000 0 spa d
020 _a9786123220853
020 _a6123220853
035 _a(Sirsi) a251269
040 _aPE-LiUPU
_bspa
_cPE-LiUPU
_erda
049 _aPRUA
082 0 4 _a348.6
_bO27
_220
100 1 _aObregón Sevillano, Tulio M.,
_eautor.
245 1 0 _aManual de relaciones individuales de trabajo /
_cTulio M. Obregón Sevillano.
250 _aPrimera edición.
264 1 _aLima :
_bInstituto Pacífico,
_c2018.
300 _a700 páginas :
_bilustraciones ;
_c25 centímetros.
336 _atext
_2rdacontent
337 _aunmediated
_2rdamedia
338 _avolume
_2rdacarrier
490 0 _aActualidad Empresarial
505 0 _aÁmbito de aplicación del derecho laboral -- Modalidades formativas laborales -- Contrato de trabajo -- Suspensión del contrato de trabajo -- Extinción del contrato de trabajo -- Intermediación e interposición laboral, agencias de empleo o tercerización -- Trabajo de adolescentes -- Contrato de trabajadores extranjeros -- El trabajo a domicilio, el trabajo familiar no remunerado y el teletrabajo -- Trabajadores del hogar -- Jornada, horario y trabajo en sobretiempo -- Descansos remunerados -- Remuneraciones y condiciones de trabajo -- Tributos que gravan las remuneraciones -- Participación de los trabajadores en la empresa -- Compensación por tiempo de servicios -- Seguro de vida -- Derechos del empleador -- Obligaciones del empleador -- Inspección del trabajo -- Protección a la madre trabajadora -- Las prestaciones alimentarias -- Planillas y boletas de pago de remuneraciones -- El hostigamiento sexual -- Régimen laboral de las microempresas -- Defensa legal gratuita y asesoría del trabajador y los procesos de conciliación -- Seguridad y salud en el trabajo -- Contratación de personas con discapacidad.
526 _aP202
526 _aP201
526 _aP163
526 _aP162
526 _aP161
526 _aP160
526 _aP148
526 _aP147
526 _aP146
526 _aP145
526 _aP144
526 _aP143
526 _aP142
526 _aP141
526 _aP140
526 _aP139
526 _aP138
526 _aP137
526 _aP136
526 _aP135
526 _aP134
526 _aP133
526 _aP129
526 _aP128
526 _aP127
526 _aP120
526 _aP119
526 _aP118
526 _aP116
526 _aP115
526 _aP114
526 _aP110
526 _aP109
526 _aP108
526 _aP104
526 _aP103
526 _aP102
526 _aP99
526 _aP98
526 _aP97
526 _aP96
526 _aP95
526 _aP93
526 _aP90
526 _aP89
526 _aP88
526 _aP83
526 _aP82
526 _aP62
526 _aP59
526 _aP58
526 _aP57
526 _aP51
526 _aP49
526 _aP48
526 _aP47
526 _aP29
526 _aP24
526 _aP20
526 _aP19
526 _aP17
526 _aP15
526 _aP14
526 _aP12
526 _aP10
526 _aP09
526 _aP08
526 _aP07
526 _aP06
526 _aP05
526 _aP04
526 _aP01
650 0 4 _aDerecho laboral
_z-Perú.
650 0 4 _aCompensación a los trabajadores.
650 0 4 _aBeneficios sociales.
910 _adbm
_bncf
_cncf
_d20190102
942 _2ddc
_cBOOK
994 _aC0
_bPEPRU
596 _a1
999 _a348.6 O27
_wDEWEY
_c30693
_i79719
_f2021-11-5
_g4
_lCCODEBUL1
_mBUL
_p32.64
_r0
_sY
_tBOOK
_u2019-1-2
_xFCE
_PP08
_0DONACION
_1FCOMPR2
_o.STAFF. Colección Ciencias Empresariales
_d30693
980 _81
_gALBERTO SANCHEZ Responsable de Automatización